000 00714nam a2200265Ia 4500
005 20260121172047.0
008 008 260114s9999 xx 000 0 eng d
020 _a9783030567118
037 _aEBOOK
040 _aCRL
040 _beng
040 _cCRL
041 _2eng
041 _aeng
084 _qCRL
100 _aAfsaneh Ghanizadeh, Ali H. Al-Hoorie, Safoura Jahedizadeh
_91083791
245 0 _aHigher Order Thinking Skills in the Language Classroom: A Concise Guide
260 _bSpringer
260 _bSpringer
260 _c2020
856 _uhttps://link.springer.com/openurl?genre=book&isbn=978-3-030-56711-8
942 _cEBOOK
999 _c1649525
_d1649525